000 00320nam a2200133Ia 4500
005 20260328101510.0
008 260328s9999||||xx |||||||||||||| ||und||
100 _aLe Corbusier
245 4 _aThe Marseilles Block /
_cLe Corbusier
260 _bThe Harvill Press
300 _a71 p.
650 _aARQUITECTOS
942 _cBK
999 _c9150
_d9150